Una introducción a la enseñanza para la diversidad: aprender en aulas heterogéneas
Guardat en:
| Autors principals: | , , |
|---|---|
| Format: | Llibre |
| Idioma: | espanyol |
| Publicat: |
Ciudad de México
Fondo de Cultura Económica
2004
|
| Edició: | 1a. ed |
| Matèries: | |
| Etiquetes: |
Afegir etiqueta
Sense etiquetes, Sigues el primer a etiquetar aquest registre!
|
MARC
| LEADER | 00000cam a2200000 a 4500 | ||
|---|---|---|---|
| 001 | UCI8833 | ||
| 003 | CL-VaPUC | ||
| 008 | 081009e20040000MX |||||||||||||||||spa|d | ||
| 020 | |a 9505576188 | ||
| 082 | 0 | 4 | |a 371.3 |b ANI |2 21 |
| 100 | 0 | |a Anijovich, Rebeca |e author |9 532458 | |
| 700 | 0 | |a Malbergier, Mirta |e author |9 532459 | |
| 700 | 0 | |a Sigal, Celia |e author |9 532460 | |
| 245 | 1 | 4 | |a Una introducción a la enseñanza para la diversidad: aprender en aulas heterogéneas |
| 250 | |a 1a. ed | ||
| 300 | |a 128 p | ||
| 942 | |c BK | ||
| 945 | |d 20081009 00:00:00 |a rbrito | ||
| 260 | |a Ciudad de México |b Fondo de Cultura Económica |c 2004 | ||
| 650 | 0 | |a Innovaciones pedagógicas |9 307471 | |
| 650 | 0 | |a Educación para la diversidad |9 532461 | |
| 650 | 0 | |a Psicología del aprendizaje |9 306854 | |
| 583 | |a last modification |c 20140429 03:09:29 |k Rodrigo Vera | ||
| 999 | |c 331599 |d 331597 | ||
| 952 | |0 0 |1 0 |4 0 |6 371_300000000000000_ANI_2004 |7 0 |8 A |9 418371 |a BIBEDU |b BIBEDU |d 2019-11-22 |i 4487036 |o 371.3 ANI 2004 |p 4487036 |r 2019-11-22 |w 2019-11-22 |y BK |k EPE | ||
| 952 | |0 0 |1 0 |3 erb |4 0 |6 371_300000000000000_ANI_2004 |7 0 |8 A |9 418372 |a BIBTEO |b BIBTEO |i 5071720 |o 371.3 ANI 2004 |p 5071720 |r 2025-01-17 |w 2019-11-22 |y BK |z Catalogado en:20140502 |k ICR | ||